000 00413cam a2200169ua 4500
020 _c21.00
041 _aeng
_h
082 _a050
_bWAL/RE
100 _aWallace, Dewitt .
245 0 0 _aReader`s digest, Vol 84 /
_cDewitt Wallace.
_hTextual Documents
260 _a :
_bReaders Digest Association ,
_c1964.
300 _a240 ; .
365 _a21.00
504 _a
942 _cBK
999 _c5045
_d5045